Historia universal de la arquitectura : arquitectura bizantina /

Obra en 14 volúmenes (la biblioteca no tiene el 9) que reconstruye críticamente la evolución y diversidad de la arquitectura, de la prehistoria y las grandes civilizaciones antiguas al mundo contemporáneo.

Uloženo v:
Podrobná bibliografie
Hlavní autor: Mango, Cyril (autor)
Další autoři: Nervi, Pier Luigi (dirección) (dirección)
Médium: Kniha
Jazyk:španělština
Vydáno: Madrid, España : Aguilar, 1975, c1975
Témata:
Tagy: Přidat tag
Žádné tagy, Buďte první, kdo vytvoří štítek k tomuto záznamu!

MARC

LEADER 00000nam^a2200000^a^4500
001 000183008
005 20250521000000.0
009 20260526130259.052
020 |a 84-03-33019-7 
037 |a Acervo ITESO - Biblioteca 
041 |a ESP 
082 |a 720. 9  |b HIS V. 3 
100 |a Mango, Cyril  |e (autor) 
240 1 1 |a [Historia universal de la arquitectura] 
245 1 0 |a Historia universal de la arquitectura :  |b arquitectura bizantina /  |c C. Mango ; dir. de P.L. Nervi ; fotografía de Bruno Balestrini ; tr. por Juan Novella Domingo 
264 4 |a Madrid, España :  |b Aguilar,  |c 1975, c1975 
300 |a 387 p. 
336 |a texto  |b txt  |2 rdacontenido 
337 |a sin mediación  |b n  |2 rdamedio 
338 |a volumen  |b nc  |2 rdasoporte 
500 |a Traducción de: Storia universale dell'architettura: architettura bizantina 
520 |a Obra en 14 volúmenes (la biblioteca no tiene el 9) que reconstruye críticamente la evolución y diversidad de la arquitectura, de la prehistoria y las grandes civilizaciones antiguas al mundo contemporáneo. 
649 |a XX 
650 |a Arquitectura Bizantina -  |x Historia y Crítica 
650 |a Arquitectura Medieval -  |x Historia y Crítica 
650 |a Arte Bizantino -  |x Historia y Crítica 
650 |a Arte Medieval -  |x Historia y Crítica 
650 |a Imperio Bizantino -  |x Historia 
650 |a Europa -  |x Historia -  |y 476-1492 
650 |a Edad Media 
650 |a Historia Universal 
700 |a Nervi, Pier Luigi  |e (dirección) 
910 |a Fondo General 
920 |a Impresos - Libros 
930 |a Obras de Referencia 
905 |a 102 
901 |a 0500123036  |b IT2  |c REF  |u 20250521 
902 |a https://opac.biblio.iteso.mx/vufind/Record/000183008